000 01198nam a2200229Ia 4500
003 Ost
005 20260507075643.0
008 260507s9999||||xx |||||||||||||| ||und||
040 _cfsecg
041 _aara
082 _a346.0482
100 _aزين الدين، صلاح
_eمؤلف
245 0 _aشرح التشريعات الصناعية والتجارية /
_c صلاح زين الدين
260 _aعمان:
_bالدار العلمية الدولية للنشر والتوزيع,
_c2003
300 _a321 صفحة؛
_bإيضاحات ؛
_c25 سم
490 _aالمكتبة القانونية 485
504 _aالمراجع ص.303
520 _aمدخل الى الحقوق الصناعية والتجارية والأدبية( الفكرية)، براءات الإختراع، الرسوم الصناعية والنماذج الصناعية، العلامات التجارية- الأسماء التجارية، العناوين التجارية، أهم الإتفاقيات الدولية الناظمة للحقوق الصناعية والتجارية
653 _aالتشريعات التجارية
653 _aالتشريعات الصناعية
942 _cكتاب
999 _c45451
_d45451